000 03691ngm a2200829Ia 4500
001 ocn166410478
003 OCoLC
005 20200320182106.0
007 vd cvaizs
008 070829s2007 cau090 vleng d
020 _c15.95
024 1 _a025195017664
028 4 2 _a68102186
_bScreen Media Films
035 _a(OCoLC)166410478
037 _bMidwest Tape
_nhttp://www.midwesttapes.com
040 _aTEFMT
_cTEFMT
_dTEF
_dIHI
_dWACOL
043 _an-us-wy
049 _aWACL
050 1 4 _aPN1995.9.C5113
_bC47578637 2007
082 0 4 _a791.43/72
_222
092 _aDVD
_bChr
245 0 0 _aChristmas miracle at Sage Creek
_h[videorecording] /
_cTalmarc Productions in association with Miracle at Sage Creek, LLC ; producer, Thadd Turner ; written by Thadd Turner ; director, James Intveld.
260 _a[Universal City, Calif.] :
_bScreen Media Films,
_c2007.
300 _a1 videodisc (90 min.) :
_bsd., col. ;
_c4 3/4 in.
538 _aDVD, region 1, anamorphic widescreen (1.78:1) presentation; Dolby Digital 2.0 stereo.
546 _aClosed-captioned.
511 1 _aDavid Carradine, Wes Studi, Michael Parks, Tim Abell, Sarah Aldrich, Irene Bedard, Buck Taylor.
508 _aCinematographer, Virgil Harper ; music composer, James Intveld, Michael R. Turner ; costume designer, Courtney Hess ; production designer, Christine Schuman.
500 _aMotion picture originally released in 2005 as "Miracle at Sage Creek".
521 8 _aMPAA rating: PG; for violence and some mild language.
520 _aWith a history of feuding, the Franklin and Red Eagle families are well-known rivals in the lawless Western frontier. When disaster strikes, these two families will be forced to confront their many differences as lives hang in the balance.
500 _aSpecial features: Behind the scenes.
650 0 _aMiracles
_zWyoming
_vDrama.
_95840324
650 0 _aChristmas
_zWyoming
_vDrama.
_95840325
650 0 _aPrejudices
_zWyoming
_vDrama.
_95840326
650 0 _aIndians of North America
_zWyoming
_vDrama.
_95840327
651 0 _aWyoming
_vDrama.
_95840328
650 8 _aMiracles
_zWyoming
_vDrama.
_95840324
650 8 _aChristmas
_zWyoming
_vDrama.
_95840325
650 8 _aPrejudices
_zWyoming
_vDrama.
_95840326
650 8 _aNative Americas
_zWyoming
_vDrama.
_95840329
651 8 _aWyoming
_vDrama.
_95840328
655 0 _aFeature films.
_95840330
655 0 _aChristmas films.
_95675361
655 0 _aWestern films.
_9102776
655 0 _aAdventure films.
_9102630
655 0 _aFilms for the hearing impaired.
_95673866
655 7 _aWestern
_vFeature.
_2migfg
_95779419
655 7 _aAdventure
_vFeature.
_2migfg
_95692407
655 7 _aFamily
_vFeature.
_2migfg
_95706541
655 7 _aFeature films.
_2gsafd
_95840330
655 7 _aWestern films.
_2gsafd
_9102776
655 7 _aAdventure films.
_2gsafd
_9102630
700 1 _aTurner, Thadd.
_95840331
700 1 _aIntveld, James.
_968319
700 1 _aCarradine, David.
_941765
700 1 _aStudi, Wes.
_962182
700 1 _aParks, Michael,
_d1938-
_964872
700 1 _aAbell, Tim.
_95840332
700 1 _aAldrich, Sarah.
_95840333
700 1 _aBedard, Irene,
_d1967-
_964865
700 1 _aTaylor, Buck,
_d1938-
_95840334
710 2 _aScreen Media Films (Firm)
_971001
710 2 _aAmerican World Pictures (Firm)
_95840335
710 2 _aTalmarc Productions (Firm)
_95840336
710 2 _aUniversal Studios Home Entertainment (Firm)
_972642
740 0 2 _aMiracle at Sage Creek.
942 _cDVD
_061
948 _a12/19/2007
_zSirsi
994 _a02
_bWACOL
996 _a59540
_b34301000614620
_cHOLDVD
_dDVD
_ewcl
_fi
_g61
_h15.95
_lAmazon.com
_mChr
_p12/19/2007
_q12/25/2019
_r12/11/2019
999 _c265965
_d265965